|
|
|
|
| LEADER |
00000nab a2200000 a 4500 |
| 001 |
vtls000714729 |
| 003 |
SK-MaSNL |
| 005 |
20260302194718.0 |
| 008 |
040806c2000 xo 0 slo |
| 015 |
|
|
|a SNBRB2000/03-07508
|
| 035 |
|
|
|a CLN000066896
|
| 040 |
|
|
|a SNKBUCL
|b slo
|c SNKBUCL
|e AACR2
|
| 041 |
0 |
|
|a slo
|
| 044 |
|
|
|a xo
|c SK
|
| 080 |
|
|
|a 796.332.072
|2 UDC-MRF-SK2
|
| 100 |
1 |
|
|a Šurin, Peter
|4 ain
|9 571511
|
| 245 |
1 |
0 |
|a Hodnota futbalu je nízka - môžeme za to všetci!
|c Peter Šurin, Vojtech Miklós
|
| 300 |
|
|
|b Fotogr.
|
| 600 |
1 |
7 |
|a Miklós, Vojtech,
|d 1956-
|2 snkbucl
|9 23306
|
| 655 |
|
7 |
|a články z novín a časopisov
|2 snkbucl
|9 267496
|
| 700 |
1 |
|
|a Miklós, Vojtech
|d 1956-
|4 aut
|4 uin
|9 23306
|
| 773 |
0 |
|
|t Šport
|g Roč. 54, č. 46 (25.2.2000), s. 12
|
| 850 |
|
|
|a Slovenská národná knižnica v Martine
|
| 852 |
|
|
|a SNK
|b KIS3GCP
|
| 999 |
|
|
|c 1449607
|d 1451537
|